| 000 | 00455nam a22001817a 4500 | ||
|---|---|---|---|
| 003 | SGT | ||
| 020 | _a9788178558332 | ||
| 082 |
_a610 _bT21C |
||
| 100 | _aChugh, S. N. | ||
| 245 | _aTextbook of Clinical Medicine for Dental Students | ||
| 250 | _a5th | ||
| 260 |
_aDelhi, India _bArya Publications _c2021 |
||
| 300 | _a629 | ||
| 650 | _aClinical Medicine | ||
| 653 | _aClinical Medicine; Dentistry | ||
| 700 | _aChugh, Anshul | ||
| 942 |
_2ddc _cBK _0133 |
||
| 999 |
_c22680 _d22680 |
||